Characteristics of the microplate method of enzyme linked immunosorbent assay for the detection of plant viruses (Record no. 45899)

MARC details
000 -LEADER
fixed length control field 00404nam a2200133Ia 4500
100 ## - MAIN ENTRY--AUTHOR NAME
Personal name Clark M F
245 #0 - TITLE STATEMENT
Title Characteristics of the microplate method of enzyme linked immunosorbent assay for the detection of plant viruses
260 ## - PUBLICATION, DISTRIBUTION, ETC. (IMPRINT)
Name of publisher Journal of Gen. Virol
Year of publication 1977
300 ## - PHYSICAL DESCRIPTION
Number of Pages 475-483
650 ## - SUBJECT ADDED ENTRY--TOPICAL TERM
Topical Term Plant virus
700 ## - ADDED ENTRY--PERSONAL NAME
Personal name Adams A N
942 ## - ADDED ENTRY ELEMENTS (KOHA)
Koha item type Reprints
Holdings
Withdrawn status Lost status Damaged status Not for loan Home library Current library Date acquired Serial Enumeration / chronology Accession Number Koha item type
      Reprints RRII Library RRII Library 22/12/2021 Volume 34, Issue P0853 Reprints